Word Ladder: Idol Judges Quiz Stats

 Plays Quiz Updated Sep 8, 2013

Support Sporcle.
Go Orange.
Score 0/32 Timer 04:00
1 Play Today
Hint 5-Letter Word % Correct
⇒ Judge Cowell ⇐ SIMON
95.3%
Santa's little helpersELVES
89.4%
⇒ Judge DeGeneres ⇐ ELLEN
89.2%
Reds, whites and rosés, e.g.WINES
87.9%
Like gusty weatherWINDY
87.3%
What X means in arithmeticTIMES
86.7%
Gives power to a watchWINDS
86.6%
⇒ Judge Abdul ⇐ PAULA
86.5%
Fork pokersTINES
86.3%
Clocker at racesTIMER
84.9%
McPherson, Fanning, and Woods ELLES
83%
⇒ Judge Jackson ⇐ RANDY
81.1%
Edges of a roofEAVES
78.8%
Green mouthwash descriptorMINTY
77.8%
Whitens, as if in fearPALES
77.6%
Actress Kaling from 'The Office'MINDY
77%
Hint 5-Letter Word % Correct
Actor Patinkin from 'Dead Like Me'MANDY
76.6%
Covers the ground with concretePAVES
75.7%
Hop named after aviator CharlesLINDY
72.3%
Shakespearean character from AthensTIMON
71.3%
Like fuzzy covered clothesLINTY
70.8%
An indonesian islandTIMOR
70.5%
'Jersey Shore' DJ DelVecchioPAULY
64.7%
Units of South African currencyRANDS
64.3%
Subsets of cards in a gameHANDS
63.6%
Covers for coffins or tombsPALLS
60.9%
Ancient Roman mantle for womenPALLA
55.5%
A cool-weather violet flowerPANSY
42.4%
Paralysis of a body partPALSY
41.7%
The father of blues music W.C.HANDY
41.1%
Actor Adam of 'Happy Endings'PALLY
37.2%
To rap the hand of a schoolboy to punishPANDY
33.7%

Today's Daily Dose

You're not logged in!

Compare scores with friends on all Sporcle quizzes.
OR
Log In
Forgot?

From the Vault

MLB Most Seasons with 20+ HR

by jaysee

Sports 20m
Hmmm, that's odd. It seems the number spiked somewhat in the late '90s. Wonder what might have been going on then.
Remove Ads.
Support Sporcle.
Get the best of Sporcle when you Go Orange. This ad-free experience offers more features, more stats, and more fun while also helping to support Sporcle. Thank you for becoming a member.

Show Comments

Extras

Top Quizzes Today


Score Distribution

Your Account Isn't Verified!

In order to create a playlist on Sporcle, you need to verify the email address you used during registration. Go to your Sporcle Settings to finish the process.

Report this User

Report this user for behavior that violates our Community Guidelines.

Details: